Uso del entorno natural para eficientizar el proceso de aprendizaje de los niños del Distrito 16-01/Rosanna Alejo Almonte, Ana María Vásquez y Magali Mercedes canario.Asesora:Melania Mirambeaux Cassó,M.A (Registro nro. 18967)
[ vista simple ]
| 000 -LEADER | |
|---|---|
| fixed length control field | 00646nam a22001811a 4500 |
| 001 - CONTROL NUMBER | |
| control field | 18967 |
| 003 - CONTROL NUMBER IDENTIFIER | |
| control field | OSt |
| 005 - DATE AND TIME OF LATEST TRANSACTION | |
| control field | 20260204212431.0 |
| 008 - FIXED-LENGTH DATA ELEMENTS--GENERAL INFORMATION | |
| fixed length control field | 181108s2018||||dr ||||||b||||||||||spa|| |
| 090 ## - LOCALLY ASSIGNED LC-TYPE CALL NUMBER (OCLC); LOCAL CALL NUMBER (RLIN) | |
| Classification number (OCLC) (R) ; Classification number, CALL (RLIN) (NR) | ET-2018-137 |
| 100 ## - ASIENTO PRINCIPAL -- NOMBRE PERSONAL | |
| Personal name | Alejo Almonte, Rosanna |
| 245 ## - TÍTULO PROPIAMENTE DICHO: SUBTÍTULO | |
| Title | Uso del entorno natural para eficientizar el proceso de aprendizaje de los niños del Distrito 16-01/Rosanna Alejo Almonte, Ana María Vásquez y Magali Mercedes canario.Asesora:Melania Mirambeaux Cassó,M.A |
| 264 ## - PRODUCTION, PUBLICATION, DISTRIBUTION, MANUFACTURE, AND COPYRIGHT NOTICE | |
| Place of production, publication, distribution, manufacture | Cotuí:El Autor |
| 300 ## - PHYSICAL DESCRIPTION | |
| Extensión | 74 p. |
| 502 ## - THESIS NOTE | |
| Dissertation note | Tesis (Licenciatura en Educación, Mención Básica) |
| 650 ## - ASIENTO SECUNDARIO DE MATERIA -- TERMINO TOPICO | |
| Asiento secundario de materia | Educación BásicaÌ |
| 942 ## - ADDED ENTRY ELEMENTS (KOHA) | |
| Source of classification or shelving scheme | Dewey Decimal Classification |
| Koha item type | Tesis |
No hay ítems disponibles.
